Adolescentes /

Relatos de Hortensia Moreno, escritora y periodista nacida en la ciudad de México en 1953. Es autora de las novelas Madrugada con música (1980) y Las líneas de la mano (1985) y de la obra teatral La mujer ideal (1989).

Salvato in:
Dettagli Bibliografici
Autore principale: Moreno, Hortensia (autor)
Natura: Libro
Lingua:spagnolo
Pubblicazione: México : Aguascalientes, México : CONACULTA, Coordinación Nacional de Descentralización ; Gobierno del Estado, Instituto Cultural de Aguascalientes, 1996, c1996
Serie:(Los Cincuenta)
Soggetti:
Tags: Aggiungi Tag
Nessun Tag, puoi essere il primo ad aggiungerne!!

MARC

LEADER 00000nam^a2200000^a^4500
001 000133610
005 20250521000000.0
009 20260310095139.686
020 |a 968-29-8708-3 
037 |a Acervo ITESO - Biblioteca 
041 |a ESP 
082 |a 863.  |b MOR 
100 |a Moreno, Hortensia  |e (autor) 
245 1 0 |a Adolescentes /  |c H. Moreno. 
264 4 |a México :  |b CONACULTA, Coordinación Nacional de Descentralización ;  |a Aguascalientes, México :  |b Gobierno del Estado, Instituto Cultural de Aguascalientes,  |c 1996, c1996 
300 |a 163 p. 
336 |a texto  |b txt  |2 rdacontenido 
337 |a sin mediación  |b n  |2 rdamedio 
338 |a volumen  |b nc  |2 rdasoporte 
440 5 |a (Los Cincuenta) 
520 |a Relatos de Hortensia Moreno, escritora y periodista nacida en la ciudad de México en 1953. Es autora de las novelas Madrugada con música (1980) y Las líneas de la mano (1985) y de la obra teatral La mujer ideal (1989). 
649 |a XX 
650 |a Cuentos Mexicanos 
650 |a Literatura Mexicana -  |y Siglo XX 
650 |a Literatura de Mujeres 
910 |a Fondo General 
920 |a Impresos - Libros 
930 |a Colección General 
940 |a Literatura 
905 |a 101 
901 |a 0500062598  |b IT1  |c LIT  |u 20250521 
902 |a https://opac.biblio.iteso.mx/vufind/Record/000133610